[Event "EU-ch Rapid"]
[Site "Katowice"]
[Date "2022.12.18"]
[Round "11"]
[White "Luczak, Filip"]
[Black "Gunnarsson, Arnar"]
[Result "1-0"]
[WhiteElo "2326"]
[BlackElo "2406"]
[PlyCount "109"]
[EventDate "2022.12.17"]
[EventType "swiss (rapid)"]
[EventRounds "11"]
[EventCountry "POL"]
[SourceTitle "CBM 211 Extra"]
[Source "ChessBase"]
[SourceDate "2023.01.31"]
[SourceVersion "1"]
[SourceVersionDate "2023.01.31"]
[SourceQuality "1"]

1. b3 d5 2. Bb2 c5 3. e3 Nc6 4. Nf3 Nf6 5. Bb5 Bd7 6. 0-0 e6 7. d3 Bd6 8. Nbd2 0-0 9. e4 Bc7 10. Re1 d4 11. a4 a6 12. Bxc6 Bxc6 13. Ba3 Nd7 14. b4 e5 15. bxc5 Re8 16. Qb1 Bxa4 17. Qxb7 Bxc2 18. Ng5 Rb8 19. Nxf7 Rxb7 20. Nxd8 Rxd8 21. c6 Rb5 22. Be7 Re8 23. cxd7 Rxe7 24. Rec1 Rxd7 25. Rxc2 a5 26. Kf1 Bd6 27. Rc8+ Kf7 28. Nc4 Bb4 29. Ra8 Bc3 30. Ra2 Kg6 31. Ke2 Rdb7 32. Ra6+ Kg5 33. Kf3 Kh4 34. Re6 Rf7+ 35. Ke2 Rb1 36. f3 Rh1 37. Rxe5 Rxh2 38. Kf2 Rf6 39. Kg1 Rxf3 40. Kxh2 Rxd3 41. Rf5 g5 42. Ne5 Rd1 43. Nf3+ Kg4 44. Rxg5+ Kf4 45. e5 d3 46. e6 d2 47. Rd5 Re1 48. Nxd2 Rxe6 49. Nf3 Bb4 50. Rd4+ Ke3 51. Rh4 Rc6 52. Re2+ Kd3 53. Ne5+ Kxe2 54. Nxc6 Bd6+ 55. Kh3 1-0

[Event "EU-ch Blitz"]
[Site "Katowice"]
[Date "2022.12.16"]
[Round "19"]
[White "Gunnarsson, Arnar"]
[Black "Hulka, Valentyn"]
[Result "0-1"]
[WhiteElo "2406"]
[BlackElo "2222"]
[PlyCount "91"]
[EventDate "2022.12.16"]
[EventType "swiss (blitz)"]
[EventRounds "22"]
[EventCountry "POL"]
[SourceTitle "CBM 211 Extra"]
[Source "ChessBase"]
[SourceDate "2023.01.31"]
[SourceVersion "1"]
[SourceVersionDate "2023.01.31"]
[SourceQuality "1"]

1. c4 e5 2. Nc3 Nf6 3. Nf3 Nc6 4. e3 d5 5. cxd5 Nxd5 6. Bb5 Nxc3 7. bxc3 Bd6 8. d4 exd4 9. cxd4 0-0 10. h3 a6 11. Bd3 Re8 12. 0-0 Qf6 13. Rb1 Rb8 14. Bb2 Nb4 15. Bc4 Bf5 16. Rc1 b5 17. Bb3 Nd3 18. Rb1 Nxb2 19. Rxb2 c5 20. Bc2 c4 21. Bxf5 Qxf5 22. Qc2 Qd5 23. Re1 f5 24. Rbb1 Re7 25. Qd2 b4 26. Qc2 Rc7 27. Nd2 c3 28. Nb3 a5 29. Nc1 f4 30. exf4 Qxd4 31. g3 Kh8 32. Nb3 Qb6 33. Rbd1 Rcc8 34. Nd4 Bc5 35. Ne6 Re8 36. Ng5 Qg6 37. Qb3 h6 38. Nf7+ Kh7 39. Ne5 Qxg3+ 40. Kh1 Qxh3+ 41. Kg1 Qg3+ 42. Kh1 Qh4+ 43. Kg2 Qxf2+ 44. Kh3 Rbd8 45. Rxd8 Rxd8 46. Qe6 0-1

[Event "EU-ch Blitz"]
[Site "Katowice"]
[Date "2022.12.16"]
[Round "18"]
[White "Gunnarsson, Arnar"]
[Black "Kubicka, Anna"]
[Result "1-0"]
[WhiteElo "2406"]
[BlackElo "2217"]
[PlyCount "112"]
[EventDate "2022.12.16"]
[EventType "swiss (blitz)"]
[EventRounds "22"]
[EventCountry "POL"]
[SourceTitle "CBM 211 Extra"]
[Source "ChessBase"]
[SourceDate "2023.01.31"]
[SourceVersion "1"]
[SourceVersionDate "2023.01.31"]
[SourceQuality "1"]

1. c4 e5 2. Nc3 Bb4 3. Nd5 Be7 4. Nf3 d6 5. g3 Nc6 6. Bg2 Nf6 7. 0-0 0-0 8. e3 h6 9. a3 a5 10. b3 Be6 11. Ne1 Qd7 12. Bb2 Rac8 13. f4 Bh3 14. Nxe7+ Nxe7 15. fxe5 dxe5 16. Bxe5 Bxg2 17. Nxg2 Ne4 18. d3 Ng6 19. Bxg7 Kxg7 20. dxe4 Qe7 21. Qd4+ f6 22. Nf4 Ne5 23. Qd5 c6 24. Qxa5 Kh7 25. Rad1 Rcd8 26. Rd4 Ra8 27. Qc3 Rxa3 28. Nd3 Raa8 29. Nxe5 fxe5 30. Rdd1 Qg5 31. Rd7+ Kg6 32. Rxf8 Rxf8 33. Qd3 Rf3 34. Rd6+ Kh5 35. Rd7 b5 36. cxb5 cxb5 37. Rd5 Rxe3 38. Qd1+ Kg6 39. Rd6+ Kg7 40. Rd7+ Kg6 41. Rd6+ Kg7 42. Qf1 Qe7 43. Rd5 Rc3 44. Qxb5 Rc1+ 45. Kg2 Rc2+ 46. Kg1 Rc1+ 47. Kg2 Rc2+ 48. Kf3 Qf6+ 49. Kg4 Qg6+ 50. Kf3 Qh5+ 51. Ke3 Qg5+ 52. Kf3 Qh5+ 53. Ke3 Qg5+ 54. Kf3 Qf6+ 55. Kg4 Qg5+ 56. Kf3 Qh5+ 1-0

[Event "ISL-chT Kvika 2223"]
[Site "Reykjavik"]
[Date "2022.10.15"]
[Round "3.1"]
[White "Gunnarsson, Arnar"]
[Black "Johannesson, Oliver Aron"]
[Result "1-0"]
[WhiteElo "2397"]
[BlackElo "2205"]
[PlyCount "53"]
[EventDate "2022.10.13"]
[EventType "team-tourn"]
[EventRounds "10"]
[EventCountry "ISL"]
[SourceTitle "CBM 213 Extra"]
[Source "ChessBase"]
[SourceDate "2023.05.31"]
[SourceVersion "1"]
[SourceVersionDate "2023.05.31"]
[SourceQuality "1"]
[WhiteTeam "Skakdeild KR"]
[BlackTeam "Skakdeild Fjolnis"]
[WhiteTeamCountry "ISL"]
[BlackTeamCountry "ISL"]

1. c4 c6 2. e4 d5 3. exd5 cxd5 4. cxd5 Nf6 5. Nc3 Nxd5 6. d4 Nc6 7. Nf3 e6 8. Bd3 Be7 9. 0-0 0-0 10. Re1 Nxc3 11. bxc3 b6 12. Qe2 Bb7 13. Qe4 g6 14. Bh6 Re8 15. Qg4 Bf6 16. Ng5 Bxg5 17. Bxg5 f6 18. Bh6 f5 19. Qg3 Qd7 20. h4 Rac8 21. h5 Qf7 22. hxg6 hxg6 23. Bf4 Nb8 24. Bb5 Rf8 25. Re3 a6 26. Rae1 Bd5 27. c4 1-0

[Event "Reykjavik Blitz op"]
[Site "Reykjavik"]
[Date "2022.01.29"]
[Round "9"]
[White "Gunnarsson, Arnar"]
[Black "Brynjarsson, Helgi"]
[Result "1-0"]
[WhiteElo "2412"]
[BlackElo "2066"]
[PlyCount "57"]
[EventDate "2022.01.29"]
[EventType "swiss (blitz)"]
[EventRounds "11"]
[EventCountry "ISL"]
[SourceTitle "CBM 206 Extra"]
[Source "ChessBase"]
[SourceDate "2022.03.31"]
[SourceVersion "1"]
[SourceVersionDate "2022.03.31"]
[SourceQuality "1"]

1. c4 e5 2. Nc3 Nc6 3. Nf3 f5 4. d4 e4 5. Bg5 Be7 6. Bxe7 Ngxe7 7. Ng1 d5 8. e3 Be6 9. cxd5 Nxd5 10. Nge2 Ncb4 11. Ng3 0-0 12. a3 Nxc3 13. bxc3 Nd5 14. c4 Nb6 15. d5 Bd7 16. c5 Nc8 17. Bc4 Kh8 18. 0-0 b6 19. Qd4 Qf6 20. Qxf6 Rxf6 21. Nh5 Rf8 22. Rac1 bxc5 23. Ba6 c6 24. Bb7 Rb8 25. dxc6 Be8 26. Nf4 Nd6 27. Ne6 Rf6 28. Nxc5 Nxb7 29. Na6 1-0

[Event "Reykjavik Blitz op"]
[Site "Reykjavik"]
[Date "2022.01.29"]
[Round "4"]
[White "Gunnarsson, Arnar"]
[Black "Hjartarson, Johann"]
[Result "0-1"]
[WhiteElo "2412"]
[BlackElo "2470"]
[PlyCount "70"]
[EventDate "2022.01.29"]
[EventType "swiss (blitz)"]
[EventRounds "11"]
[EventCountry "ISL"]
[SourceTitle "CBM 206 Extra"]
[Source "ChessBase"]
[SourceDate "2022.03.31"]
[SourceVersion "1"]
[SourceVersionDate "2022.03.31"]
[SourceQuality "1"]

1. Nf3 c5 2. c4 g6 3. g3 Bg7 4. Bg2 Nc6 5. Nc3 e6 6. 0-0 Nge7 7. d3 0-0 8. Bd2 d5 9. Qc1 Re8 10. Bh6 Bh8 11. Nh4 b6 12. Qg5 f6 13. Qd2 Bb7 14. cxd5 exd5 15. f4 f5 16. Nf3 d4 17. Nb5 Nd5 18. Rfe1 Qd7 19. Ng5 Ne3 20. Bf3 Bg7 21. Bxg7 Kxg7 22. Na3 Re7 23. Nc2 Rae8 24. Nxe3 Rxe3 25. a3 h6 26. Nh3 Na5 27. Bxb7 Qxb7 28. Qc2 Nc6 29. b4 cxb4 30. axb4 Nxb4 31. Qc4 Nxd3 32. Qxd4+ Kh7 33. Red1 Rxe2 34. Rxa7 Qxa7 35. Qxd3 Qa2 0-1

[Event "Reykjavik Blitz op"]
[Site "Reykjavik"]
[Date "2022.01.29"]
[Round "10"]
[White "Stefansson, Hannes"]
[Black "Gunnarsson, Arnar"]
[Result "1-0"]
[WhiteElo "2518"]
[BlackElo "2412"]
[PlyCount "104"]
[EventDate "2022.01.29"]
[EventType "swiss (blitz)"]
[EventRounds "11"]
[EventCountry "ISL"]
[SourceTitle "CBM 206 Extra"]
[Source "ChessBase"]
[SourceDate "2022.03.31"]
[SourceVersion "1"]
[SourceVersionDate "2022.03.31"]
[SourceQuality "1"]

1. e4 e5 2. Nf3 d5 3. exd5 Bd6 4. d4 e4 5. Ne5 Nf6 6. Bg5 0-0 7. Nc3 Bf5 8. Qd2 Nbd7 9. Nxd7 Qxd7 10. Bb5 Qe7 11. Be2 h6 12. Bh4 a6 13. g4 Bg6 14. 0-0-0 b5 15. Bg3 Nd7 16. Qe3 Nb6 17. a3 f5 18. gxf5 Bxf5 19. Rhg1 Kh7 20. f3 exf3 21. Qxe7 Bxe7 22. Bxf3 Bxc2 23. Kxc2 Rxf3 24. Bxc7 Nc4 25. Rgf1 Rxf1 26. Rxf1 Ne3+ 27. Kd3 Nxf1 28. d6 Bd8 29. Nd5 Bh4 30. d7 Ra7 31. Ke4 Nd2+ 32. Kf5 Nc4 33. Ke6 Ne3 34. Bb6 Rxd7 35. Kxd7 Nxd5 36. Bc5 Bf2 37. Kc6 Nf6 38. b4 g5 39. d5 Be1 40. d6 Bc3 41. Kb6 g4 42. Kxa6 h5 43. Bf2 Ne4 44. d7 Bf6 45. Bb6 h4 46. d8Q Bxd8 47. Bxd8 g3 48. Bc7 h3 49. Kxb5 Nc3+ 50. Kc6 g2 51. Bb6 Kg6 52. b5 Kf5 1-0

[Event "ISL-chT1 1920"]
[Site "Reykjavik"]
[Date "2021.05.14"]
[Round "6.3"]
[White "Gunnarsson, Arnar"]
[Black "Sigurdsson, Pall"]
[Result "1-0"]
[WhiteElo "2420"]
[BlackElo "1924"]
[PlyCount "43"]
[EventDate "2019.10.03"]
[EventType "team-tourn"]
[EventRounds "9"]
[EventCountry "ISL"]
[SourceTitle "EXT 2022"]
[Source "ChessBase"]
[SourceDate "2021.10.06"]
[SourceVersion "1"]
[SourceVersionDate "2021.10.06"]
[SourceQuality "1"]
[WhiteTeam "Skakfelag Selfoss"]
[BlackTeam "Taflfelag Gardjabaejar"]
[WhiteTeamCountry "ISL"]
[BlackTeamCountry "ISL"]

1. c4 c5 2. Nf3 d6 3. g3 g6 4. Bg2 Bg7 5. d4 cxd4 6. Nxd4 a6 7. 0-0 Nf6 8. Nc3 0-0 9. h3 Qc7 10. b3 Nc6 11. Nc2 Bd7 12. Bb2 Rad8 13. e4 e6 14. Ne3 Rfe8 15. Qd2 Bc8 16. Rac1 Rd7 17. Rfd1 Red8 18. Ncd5 exd5 19. cxd5 Qb6 20. dxc6 bxc6 21. Bd4 c5 22. Bxf6 1-0

[Event "ISL-ch Online Rapid Final"]
[Site "Tornelo INT"]
[Date "2020.12.27"]
[Round "2.2"]
[White "Gunnarsson, Arnar"]
[Black "Kjartansson, Gudmundur"]
[Result "0-1"]
[WhiteElo "2420"]
[BlackElo "2488"]
[PlyCount "64"]
[EventDate "2020.12.27"]
[EventType "k.o. (rapid)"]
[EventRounds "3"]
[EventCountry "ISL"]
[SourceTitle "CBM 200 Extra"]
[Source "ChessBase"]
[SourceDate "2021.03.31"]
[SourceVersion "1"]
[SourceVersionDate "2021.03.31"]
[SourceQuality "1"]

1. c4 c6 2. b3 d5 3. Bb2 Bf5 4. d3 e6 5. Nf3 h6 6. g3 Nf6 7. Bg2 Be7 8. 0-0 0-0 9. Nc3 a5 10. Re1 Bh7 11. Qc1 Na6 12. a3 Rc8 13. d4 Ne4 14. Ne5 Nxc3 15. Bxc3 b5 16. Qd2 b4 17. axb4 Nxb4 18. Nd3 Bxd3 19. exd3 Qb6 20. c5 Qb5 21. Bf1 Bg5 22. Qe2 Rfe8 23. f4 Bf6 24. Ra4 Bd8 25. Bxb4 axb4 26. Qd2 Rb8 27. f5 Bf6 28. Qf2 exf5 29. Rxe8+ Rxe8 30. Qxf5 Bxd4+ 31. Kh1 Qxc5 32. h4 Qc1 0-1

[Event "EU-ch qual Online"]
[Site "Tornelo INT"]
[Date "2020.12.18"]
[Round "6"]
[White "Aleksandrov, Aleksej"]
[Black "Gunnarsson, Arnar"]
[Result "0-1"]
[WhiteElo "2574"]
[BlackElo "2420"]
[PlyCount "78"]
[EventDate "2020.12.18"]
[EventType "swiss"]
[EventRounds "11"]
[EventCountry "POL"]
[SourceTitle "CBM 199 Extra"]
[Source "ChessBase"]
[SourceDate "2021.01.31"]
[SourceVersion "1"]
[SourceVersionDate "2021.01.31"]
[SourceQuality "1"]

1. d4 f5 2. g3 Nf6 3. Bg2 e6 4. Nf3 d5 5. 0-0 Bd6 6. b3 Qe7 7. c4 c6 8. Bb2 0-0 9. Qc1 a5 10. Ba3 a4 11. Bxd6 Qxd6 12. Nc3 a3 13. c5 Qc7 14. Na4 Nbd7 15. Qxa3 b5 16. cxb6 Nxb6 17. Rfc1 Nxa4 18. bxa4 Ne4 19. Ne5 Ra6 20. e3 Bb7 21. Bf1 Ra5 22. Bb5 c5 23. Nd7 Rxb5 24. Nxf8 Rb6 25. dxc5 Rc6 26. Nxe6 Rxe6 27. Rab1 Nd2 28. Rb6 Nc4 29. Rxc4 Rxb6 30. cxb6 Qxc4 31. Qe7 Qc6 32. Qd8+ Kf7 33. f3 h6 34. h4 Kg6 35. Kh2 d4 36. h5+ Kh7 37. e4 fxe4 38. Qxd4 Qc2+ 39. Kh3 exf3 0-1

[Event "EU-ch qual Online"]
[Site "Tornelo INT"]
[Date "2020.12.18"]
[Round "7"]
[White "Gunnarsson, Arnar"]
[Black "Sarana, Alexey"]
[Result "0-1"]
[WhiteElo "2420"]
[BlackElo "2636"]
[PlyCount "40"]
[EventDate "2020.12.18"]
[EventType "swiss"]
[EventRounds "11"]
[EventCountry "POL"]
[SourceTitle "CBM 199 Extra"]
[Source "ChessBase"]
[SourceDate "2021.01.31"]
[SourceVersion "1"]
[SourceVersionDate "2021.01.31"]
[SourceQuality "1"]

1. c4 Nf6 2. Nc3 e5 3. Nf3 Nc6 4. e3 Bb4 5. Nd5 e4 6. Ng1 0-0 7. Qc2 Re8 8. Ne2 Bf8 9. a3 b6 10. Ng3 Bb7 11. Nxf6+ Qxf6 12. Nxe4 Qg6 13. d3 Ne5 14. Ng3 Rad8 15. Qc3 d5 16. cxd5 Rxd5 17. d4 Ng4 18. Qxc7 Rxd4 19. Qxb7 Qc2 20. Qf3 Rd1+ 0-1

[Event "EU-ch qual Online"]
[Site "Tornelo INT"]
[Date "2020.12.18"]
[Round "1"]
[White "Gunnarsson, Arnar"]
[Black "Wolagiewicz, Kinga"]
[Result "1-0"]
[WhiteElo "2420"]
[BlackElo "1791"]
[PlyCount "65"]
[EventDate "2020.12.18"]
[EventType "swiss"]
[EventRounds "11"]
[EventCountry "POL"]
[SourceTitle "CBM 199 Extra"]
[Source "ChessBase"]
[SourceDate "2021.01.31"]
[SourceVersion "1"]
[SourceVersionDate "2021.01.31"]
[SourceQuality "1"]

1. c4 Nf6 2. Nc3 e6 3. e4 d6 4. d4 Nc6 5. Nf3 Be7 6. Be2 0-0 7. 0-0 Re8 8. h3 Bf8 9. Be3 g6 10. Qd2 Bg7 11. Bh6 e5 12. d5 Ne7 13. Nh2 c6 14. Bxg7 Kxg7 15. f4 exf4 16. Qxf4 Neg8 17. dxc6 bxc6 18. Kh1 Qe7 19. Rad1 d5 20. cxd5 cxd5 21. exd5 Bf5 22. Bf3 Rab8 23. d6 Qd8 24. b3 Re6 25. Ng4 Rb6 26. Ne3 Rexd6 27. Nxf5+ gxf5 28. Qxf5 Qc7 29. Ne4 Nxe4 30. Bxe4 Rg6 31. Rd7 Qg3 32. Qxf7+ Kh8 33. Qxh7# 1-0

[Event "EU-ch qual Online"]
[Site "Tornelo INT"]
[Date "2020.12.18"]
[Round "8"]
[White "Heimann, Andreas"]
[Black "Gunnarsson, Arnar"]
[Result "1-0"]
[WhiteElo "2606"]
[BlackElo "2420"]
[PlyCount "69"]
[EventDate "2020.12.18"]
[EventType "swiss"]
[EventRounds "11"]
[EventCountry "POL"]
[SourceTitle "CBM 199 Extra"]
[Source "ChessBase"]
[SourceDate "2021.01.31"]
[SourceVersion "1"]
[SourceVersionDate "2021.01.31"]
[SourceQuality "1"]

1. d4 f5 2. g3 Nf6 3. Bg2 e6 4. c4 d5 5. Nc3 c6 6. Nh3 Bd6 7. 0-0 0-0 8. Bf4 b6 9. Bxd6 Qxd6 10. Nf4 Ba6 11. cxd5 exd5 12. Qa4 Bb7 13. Rac1 Nbd7 14. b4 a6 15. Qb3 Kh8 16. Nd3 Ne4 17. Rfd1 Rae8 18. e3 g5 19. a4 b5 20. a5 h5 21. Ne2 Rf6 22. Nc5 Bc8 23. f3 Nexc5 24. dxc5 Qe5 25. Rd3 h4 26. Qc3 Kh7 27. Kf2 Kg6 28. f4 Qxc3 29. Rcxc3 hxg3+ 30. hxg3 gxf4 31. exf4 Kf7 32. Nd4 Kg6 33. Re3 Rxe3 34. Rxe3 Kf7 35. Nxc6 1-0

[Event "EU-ch qual Online"]
[Site "Tornelo INT"]
[Date "2020.12.18"]
[Round "10"]
[White "Iskandarov, Misratdin"]
[Black "Gunnarsson, Arnar"]
[Result "0-1"]
[WhiteElo "2535"]
[BlackElo "2420"]
[PlyCount "134"]
[EventDate "2020.12.18"]
[EventType "swiss"]
[EventRounds "11"]
[EventCountry "POL"]
[SourceTitle "CBM 199 Extra"]
[Source "ChessBase"]
[SourceDate "2021.01.31"]
[SourceVersion "1"]
[SourceVersionDate "2021.01.31"]
[SourceQuality "1"]

1. e4 e5 2. Nf3 d5 3. Nxe5 Bd6 4. d4 dxe4 5. Nc3 Bxe5 6. dxe5 Qxd1+ 7. Nxd1 Nc6 8. Bf4 Nge7 9. Nc3 Ng6 10. Bg3 Bf5 11. Bb5 0-0-0 12. Bxc6 bxc6 13. 0-0 Rhe8 14. Rfe1 Rd4 15. Re2 h5 16. h3 h4 17. Bh2 Nxe5 18. Bxe5 Rxe5 19. Rae1 f6 20. Re3 a5 21. b3 Rd2 22. R1e2 Rxe2 23. Nxe2 Bd7 24. Nc3 f5 25. f3 g5 26. fxe4 f4 27. Rd3 Rc5 28. Kf2 g4 29. hxg4 Bxg4 30. a4 Kb7 31. Ke1 Rh5 32. Ne2 Re5 33. Rd4 c5 34. Rc4 Be6 35. Rc3 Rxe4 36. Kf2 c4 37. Kf3 cxb3 38. cxb3 Rb4 39. Nc1 Bd5+ 40. Kf2 Rd4 41. Nd3 Kb6 42. Kg1 f3 43. gxf3 Bxf3 44. Ne5 Be4 45. Kf2 Bd5 46. Nd7+ Kb7 47. Nc5+ Ka7 48. Nd3 c6 49. Ne5 Rf4+ 50. Kg1 Kb7 51. Kh2 Rf5 52. Ng6 Rf3 53. Rxf3 Bxf3 54. Ne5 Bd1 55. Nc4 Ka6 56. Nd2 Bg4 57. Kg2 Kb6 58. Nc4+ Ka6 59. Ne5 Be6 60. Nxc6 Bd5+ 61. Kh3 Bxc6 62. Kxh4 Kb6 63. Kg3 Kc5 64. Kf4 Kb4 65. Ke3 Kxb3 66. Kd2 Kb2 67. Kd3 Bxa4 0-1

[Event "EU-ch qual Online"]
[Site "Tornelo INT"]
[Date "2020.12.18"]
[Round "4"]
[White "Tomczak, Jacek"]
[Black "Gunnarsson, Arnar"]
[Result "1/2-1/2"]
[WhiteElo "2610"]
[BlackElo "2420"]
[PlyCount "178"]
[EventDate "2020.12.18"]
[EventType "swiss"]
[EventRounds "11"]
[EventCountry "POL"]
[SourceTitle "CBM 199 Extra"]
[Source "ChessBase"]
[SourceDate "2021.01.31"]
[SourceVersion "1"]
[SourceVersionDate "2021.01.31"]
[SourceQuality "1"]

1. e4 e5 2. Nf3 d5 3. d4 dxe4 4. Nxe5 Bd6 5. Nc3 Bxe5 6. dxe5 Qxd1+ 7. Kxd1 Bf5 8. Nd5 Na6 9. Bxa6 0-0-0 10. Bc4 c6 11. Bg5 Rd7 12. Ke2 cxd5 13. Bb3 h6 14. Be3 d4 15. Bf4 g5 16. Bg3 Bg4+ 17. f3 exf3+ 18. gxf3 Be6 19. h4 g4 20. fxg4 Bxg4+ 21. Kd2 h5 22. Rhf1 Nh6 23. Rf6 Nf5 24. Bf2 Ne3 25. Bxf7 Rf8 26. Bb3 Re8 27. e6 Rd6 28. Re1 Bxe6 29. Bxe6+ Rexe6 30. Rxe6 Rxe6 31. Bxe3 dxe3+ 32. Rxe3 Ra6 33. a3 Ra4 34. b4 a5 35. Rb3 axb4 36. axb4 Ra1 37. Rc3+ Kd7 38. Rc5 Ra4 39. Kc3 Ra3+ 40. Kc4 Rh3 41. Rxh5 Kc6 42. Rh6+ Kc7 43. Kd4 Rh2 44. c3 Rh3 45. c4 Rb3 46. Kc5 Rb1 47. Rh7+ Kb8 48. h5 Ka7 49. Kb5 Rg1 50. c5 Rg5 51. Rh8 Rf5 52. h6 Rh5 53. Ka5 Rg5 54. h7 Rh5 55. b5 b6+ 56. cxb6+ Kb7 57. Kb4 Rh3 58. Ka5 Rh4 59. Rg8 Rxh7 60. Rg6 Rf7 61. Rh6 Rg7 62. Re6 Rf7 63. Rd6 Rg7 64. Rc6 Rg1 65. Rc7+ Kb8 66. Rc4 Ra1+ 67. Ra4 Rg1 68. Ka6 Rg2 69. Ra3 Rg1 70. Ra2 Rg3 71. Ka5 Kb7 72. Rh2 Rg7 73. Rc2 Rg3 74. Rc7+ Kb8 75. Rh7 Rg4 76. b7 Rg6 77. Rf7 Re6 78. Rd7 Rg6 79. Rh7 Rf6 80. b6 Rf1 81. Rh8+ Kxb7 82. Rh7+ Kb8 83. Rh4 Kb7 84. Rh7+ Kb8 85. Ka6 Ra1+ 86. Kb5 Rb1+ 87. Ka6 Ra1+ 88. Kb5 Rb1+ 89. Ka6 Ra1+ 1/2-1/2

[Event "Titled Tuesday intern op 17th Nov"]
[Site "Chess.com INT"]
[Date "2020.11.17"]
[Round "1"]
[White "Ashiev, Eduard"]
[Black "Gunnarsson, Arnar"]
[Result "1-0"]
[WhiteElo "2202"]
[BlackElo "2420"]
[PlyCount "95"]
[EventDate "2020.11.17"]
[EventType "swiss (blitz)"]
[EventRounds "11"]
[EventCountry "USA"]
[SourceTitle "CBM 199 Extra"]
[Source "ChessBase"]
[SourceDate "2021.01.31"]
[SourceVersion "1"]
[SourceVersionDate "2021.01.31"]
[SourceQuality "1"]

1. d4 f5 2. Bg5 c6 3. Nc3 Qb6 4. Rb1 d6 5. Nf3 h6 6. Bf4 g5 7. Bc1 Bg7 8. e3 Nf6 9. Bd3 Be6 10. e4 fxe4 11. Nxe4 Na6 12. a3 Nc7 13. 0-0 0-0-0 14. c3 Kb8 15. Re1 Bb3 16. Qe2 Rhf8 17. Nfd2 Ba2 18. Ra1 Bf7 19. a4 Ncd5 20. a5 Qc7 21. a6 Nf4 22. Qf1 Nxd3 23. Qxd3 b6 24. Ng3 e6 25. Nc4 Nd5 26. Qh7 Bg8 27. Qc2 Nf4 28. Ne3 c5 29. dxc5 Qxc5 30. Bd2 Qc6 31. f3 h5 32. Qe4 d5 33. Qa4 Qxa4 34. Rxa4 Nd3 35. Rb1 h4 36. Ne2 Bh7 37. Raa1 Nc5 38. Rf1 Nb3 39. Rad1 d4 40. cxd4 Nxd4 41. Nxd4 Bxd4 42. Kh1 Bd3 43. Rfe1 Bc5 44. Bc3 Bxa6 45. Ng4 Kb7 46. Ne5 Rxd1 47. Rxd1 Bb5 48. b4 1-0

[Event "Titled Tuesday intern op 17th Nov"]
[Site "Chess.com INT"]
[Date "2020.11.17"]
[Round "3"]
[White "Gunnarsson, Arnar"]
[Black "Fisabilillah, Ummi"]
[Result "1-0"]
[WhiteElo "2420"]
[BlackElo "2159"]
[PlyCount "73"]
[EventDate "2020.11.17"]
[EventType "swiss (blitz)"]
[EventRounds "11"]
[EventCountry "USA"]
[SourceTitle "CBM 199 Extra"]
[Source "ChessBase"]
[SourceDate "2021.01.31"]
[SourceVersion "1"]
[SourceVersionDate "2021.01.31"]
[SourceQuality "1"]

1. c4 Nf6 2. Nc3 e5 3. Nf3 Nc6 4. e3 Bb4 5. Nd5 Bd6 6. Qc2 Nxd5 7. cxd5 Ne7 8. Bc4 Ng6 9. h4 h6 10. h5 Nf8 11. b3 b6 12. Bb2 Qe7 13. d4 exd4 14. Nxd4 Be5 15. Nf5 Qf6 16. Bxe5 Qxe5 17. Rd1 d6 18. Nd4 Bd7 19. Nb5 Rc8 20. Nxa7 Ra8 21. Nb5 Rc8 22. Rh4 Bf5 23. e4 Bd7 24. f4 Qf6 25. g3 Nh7 26. e5 dxe5 27. fxe5 Qg5 28. e6 Qxg3+ 29. Qf2 Qxf2+ 30. Kxf2 fxe6 31. dxe6 Bc6 32. Nd4 Bb7 33. Kg3 Ke7 34. Nf5+ Kf6 35. Rf4 Kg5 36. Ne7 Nf6 37. Rf5# 1-0

[Event "Titled Tuesday intern op 29th Sept"]
[Site "Chess.com INT"]
[Date "2020.09.29"]
[Round "6"]
[White "Gunnarsson, Arnar"]
[Black "Mekhitarian, Krikor Sevag"]
[Result "0-1"]
[WhiteElo "2420"]
[BlackElo "2554"]
[PlyCount "64"]
[EventDate "2020.09.29"]
[EventType "swiss (blitz)"]
[EventRounds "10"]
[EventCountry "USA"]
[SourceTitle "CBM 198 Extra"]
[Source "ChessBase"]
[SourceDate "2020.11.30"]
[SourceVersion "1"]
[SourceVersionDate "2020.11.30"]
[SourceQuality "1"]

1. c4 e5 2. Nc3 Nf6 3. Nf3 Nc6 4. e3 Bb4 5. Nd5 Be7 6. Qc2 0-0 7. a3 d6 8. Be2 a5 9. h3 Re8 10. d3 h6 11. 0-0 Be6 12. Nxf6+ Bxf6 13. Bd2 a4 14. Bc3 g6 15. Rad1 Bg7 16. Rfe1 f5 17. d4 e4 18. Nd2 d5 19. cxd5 Bxd5 20. Nc4 Qe7 21. f3 exf3 22. gxf3 Qe6 23. Ne5 Nxe5 24. dxe5 Bb3 25. Qc1 Bxd1 26. Rxd1 Bxe5 27. Kh1 c6 28. f4 Bxc3 29. Qxc3 Qe4+ 30. Kh2 Qe7 31. Bc4+ Kh7 32. Rd2 Rad8 0-1